[Event "49th RUS-ch (w)"]
[Site "Moscow RUS"]
[Date "1999.05.16"]
[Round "2"]
[White "Ovod, Evgenia"]
[Black "Zaitseva, Ludmila"]
[Result "0-1"]
[WhiteElo "2290"]
[BlackElo "2334"]
[EventDate "1999.05.15"]
[PlyCount "56"]

1.Nf3 f5 2.c4 Nf6 3.g3 e6 4.Bg2 d5 5.O-O c6 6.d3 Bc5 7.Qc2 Qe7 8.Bg5 O-O 
9.Nbd2 d4 10.b4 Bxb4 11.Nxd4 e5 12.N4b3 a5 13.a3 Bxa3 14.c5 Bb4 15.Nc4 a4 
16.Nb6 axb3 17.Nxc8 Qe6 18.Ne7+ Kf7 19.Qb2 Rxa1 20.Rxa1 Kxe7 21.Ra7 Nd7 
22.Rxb7 Rb8 23.Rc7 Bc3 24.Qxc3 b2 25.Bxc6 b1=Q+ 26.Kg2 Qxc6+ 27.Rxc6 Qb7 
28.Bxf6+ gxf6 0-1

[Event "49th RUS-ch (w)"]
[Site "Moscow RUS"]
[Date "1999.05.16"]
[Round "2"]
[White "Stepovaya-Dianchenko, Tatiana"]
[Black "Zakurdyaeva, Irina"]
[Result "0-1"]
[WhiteElo "2444"]
[BlackElo "2143"]
[EventDate "1999.05.15"]
[PlyCount "88"]

1.e4 c5 2.Nc3 Nc6 3.g3 g6 4.d3 Bg7 5.Be3 d6 6.Qd2 e6 7.Bg2 Nge7 8.Bh6 O-O 
9.h4 Bxh6 10.Qxh6 f6 11.Qd2 e5 12.f4 Bg4 13.Bh3 Qd7 14.Nd1 Bxh3 15.Rxh3 
Nd4 16.Qh2 d5 17.c3 Ne6 18.h5 g5 19.f5 Nc7 20.Qc2 dxe4 21.dxe4 Rfd8 22.Nf2
c4 23.Qe2 Qa4 24.Nf3 Nc6 25.Kf1 Rd6 26.Kg2 Rad8 27.h6 Na6 28.Rhh1 Nc5 29.
Ng4 Kf7 30.Rhb1 Ne7 31.b3 cxb3 32.Ngxe5+ fxe5 33.Nxg5+ Ke8 34.Qh5+ Kd7 35.
Qg4 Kc7 36.axb3 Qc6 37.b4 Nd7 38.Ne6+ Rxe6 39.fxe6 Nf6 40.Qg7 Rd2+ 41.Kf1 
Qb5+ 42.Kg1 Qb6+ 43.Kh1 Qxe6 44.g4 Nh5 0-1

[Event "49th RUS-ch (w)"]
[Site "Moscow RUS"]
[Date "1999.05.16"]
[Round "2"]
[White "Slavina, Irina"]
[Black "Fatalibekova, Elena"]
[Result "1/2-1/2"]
[WhiteElo "2265"]
[BlackElo "2271"]
[EventDate "1999.05.15"]
[PlyCount "20"]

1.e4 e5 2.Nf3 Nc6 3.Bb5 a6 4.Bxc6 dxc6 5.d4 exd4 6.Qxd4 Qxd4 7.Nxd4 Bd7 8.
Nc3 O-O-O 9.Be3 g6 10.O-O-O Bg7 1/2-1/2

[Event "49th RUS-ch (w)"]
[Site "Moscow RUS"]
[Date "1999.05.16"]
[Round "2"]
[White "Zayats, Elena"]
[Black "Poliakova, Natalia"]
[Result "1-0"]
[WhiteElo "2293"]
[BlackElo "2218"]
[EventDate "1999.05.15"]
[PlyCount "81"]

1.d4 d5 2.c4 Bf5 3.cxd5 Bxb1 4.Qa4+ c6 5.Rxb1 Qxd5 6.Nf3 Nd7 7.Bd2 Nb6 8.
Qa5 Nc4 9.Qxd5 cxd5 10.e3 Nxd2 11.Bb5+ Kd8 12.Kxd2 f6 13.Ne1 Rc8 14.Nd3 e6
15.b4 a6 16.Ba4 b5 17.Bd1 Nh6 18.a4 Nf5 19.Nc5 Bxc5 20.bxc5 bxa4 21.Rb6 e5
22.Bg4 g6 23.Ra1 exd4 24.exd4 Kc7 25.Rxa4 Ra8 26.Bxf5 gxf5 27.Raxa6 Rxa6 
28.Rxa6 Rg8 29.g3 f4 30.Rxf6 fxg3 31.hxg3 Rg7 32.Rd6 Rg5 33.Ke3 h5 34.Kf4 
Rg4+ 35.Ke5 Rg5+ 36.Kf6 Rg8 37.Rxd5 Rf8+ 38.Kg5 Rxf2 39.Kxh5 Rh2+ 40.Kg5 
Rg2 41.g4 1-0

[Event "49th RUS-ch (w)"]
[Site "Moscow RUS"]
[Date "1999.05.17"]
[Round "3"]
[White "Demina, Yulia"]
[Black "Galianina, Yulia"]
[Result "1/2-1/2"]
[WhiteElo "2361"]
[BlackElo "2300"]
[EventDate "1999.05.15"]
[PlyCount "23"]

1.Nf3 c5 2.c4 Nc6 3.d4 cxd4 4.Nxd4 Nf6 5.Nc3 e6 6.a3 Bc5 7.e3 d5 8.cxd5 
exd5 9.Nxc6 bxc6 10.Qc2 Bd6 11.Bd3 O-O 12.Ne2 1/2-1/2

[Event "49th RUS-ch (w)"]
[Site "Moscow RUS"]
[Date "1999.05.17"]
[Round "3"]
[White "Ershova, Svetlana"]
[Black "Lopatskaya, Elena"]
[Result "0-1"]
[WhiteElo "2263"]
[BlackElo "2284"]
[EventDate "1999.05.15"]
[PlyCount "203"]

1.d4 Nf6 2.c4 d6 3.Nf3 Nbd7 4.Nc3 e5 5.e4 Be7 6.Be2 c6 7.O-O O-O 8.h3 a6 
9.Qc2 Re8 10.Re1 b5 11.a3 Bb7 12.d5 Qb8 13.Be3 Rc8 14.dxc6 Bxc6 15.Nd2 Qb7
16.Rac1 Rab8 17.cxb5 axb5 18.Bf1 Nc5 19.Bxc5 dxc5 20.Nf3 Qc7 21.Rcd1 Bd6 
22.a4 bxa4 23.Bc4 Rb4 24.Qd3 Be7 25.Ng5 Rf8 26.Nd5 Bxd5 27.exd5 Bd6 28.Rd2
h6 29.Ne4 Nxe4 30.Rxe4 Kh8 31.Bb5 Rxe4 32.Qxe4 Qa5 33.Qe2 Rb8 34.Bd3 g6 
35.g4 Rb4 36.Rc2 a3 37.bxa3 Qxa3 38.Kg2 Rd4 39.Be4 Qa4 40.Bd3 Qd7 41.Rc4 
Rxd5 42.Be4 Rd4 43.Rxd4 exd4 44.Qf3 Kg7 45.Bd5 Bb8 46.Bc4 Qc7 47.Kf1 Qe7 
48.Qd5 Bd6 49.Qf3 Be5 50.Ke2 Bf6+ 51.Kf1 Qd7 52.Ke2 Bg5 53.Kd3 Qe7 54.Qe4 
Qf6 55.f3 Qd6 56.Kc2 Qh2+ 57.Kb3 Bc1 58.Be2 Be3 59.Bc4 Qb8+ 60.Kc2 Qh2+ 
61.Kb3 Bc1 62.Be2 Qb8+ 63.Kc4 Ba3 64.Bd3 Qb4+ 65.Kd5 Qb3+ 66.Kc6 Kh7 67.
Qd5 Qa4+ 68.Kb7 Qe8 69.Bc4 Kg7 70.Qd6 Bb4 71.h4 Qe3 72.f4 Qf3+ 73.Kb6 Qxg4
74.Qe5+ Kh7 75.Qc7 Qf5 76.Bxf7 Qf6+ 77.Kb5 h5 78.f5 gxf5 79.Bxh5+ Kh6 80.
Be2 Bd2 81.Bd3 Qe6 82.Kxc5 Bc1 83.Bc4 Qf6 84.Bd3 Ba3+ 85.Kc4 Qe6+ 86.Kxd4 
Bb2+ 87.Kc5 Qe3+ 88.Kb4 Qxd3 89.Qf4+ Kg6 90.h5+ Kxh5 91.Qh2+ Kg4 92.Qxb2 
f4 93.Qg7+ Kf3 94.Qg1 Qd2+ 95.Kb5 Qg2 96.Qd4 Qe2+ 97.Ka5 Qa2+ 98.Kb5 Qb3+ 
99.Kc6 Qe3 100.Qd1+ Kg3 101.Qd6 Kf2 102.Qf6 0-1

[Event "49th RUS-ch (w)"]
[Site "Moscow RUS"]
[Date "1999.05.17"]
[Round "3"]
[White "Fatalibekova, Elena"]
[Black "Kosintseva, Tatiana"]
[Result "1-0"]
[WhiteElo "2271"]
[BlackElo "2177"]
[EventDate "1999.05.15"]
[PlyCount "109"]

1.Nf3 f5 2.b3 Nf6 3.Bb2 g6 4.g3 Bg7 5.Bg2 O-O 6.O-O d6 7.d4 Qe8 8.Nbd2 c6 
9.c4 Na6 10.Qc2 h6 11.c5 Be6 12.cxd6 exd6 13.Nc4 Qd7 14.Ne1 Bd5 15.Nd3 
Bxg2 16.Kxg2 Nd5 17.e3 Rae8 18.Rae1 g5 19.Kh1 Rf7 20.a4 Qe6 21.Ba3 Bf8 22.
Nd2 Qg6 23.Nc4 Re6 24.b4 Qh5 25.Qd1 Qxd1 26.Rxd1 Nc3 27.Ra1 Nxa4 28.Na5 
Nb8 29.Rfc1 Nb6 30.Bb2 Nd5 31.Nc4 a6 32.Rc2 Nd7 33.Kg2 Bg7 34.Na5 Nf8 35.
Nxc6 bxc6 36.Rxc6 Rb7 37.Raxa6 Nxb4 38.Nxb4 Rxb4 39.Ba3 Rb3 40.Bxd6 Ng6 
41.Ra8+ Kh7 42.d5 Rf6 43.Ra7 Rd3 44.Bc5 Rxc6 45.dxc6 Rd8 46.Bd4 Rg8 47.Rd7
Kh8 48.c7 Bxd4 49.exd4 f4 50.d5 f3+ 51.Kf1 g4 52.Rd8 Ne7 53.d6 Nc8 54.
Rxg8+ Kxg8 55.d7 1-0

[Event "49th RUS-ch (w)"]
[Site "Moscow RUS"]
[Date "1999.05.17"]
[Round "3"]
[White "Gansvind, Valeria"]
[Black "Stepovaya-Dianchenko, Tatiana"]
[Result "0-1"]
[WhiteElo "2240"]
[BlackElo "2444"]
[EventDate "1999.05.15"]
[PlyCount "82"]

1.e4 c5 2.Nf3 e6 3.d4 cxd4 4.c3 dxc3 5.Nxc3 a6 6.Bc4 Qc7 7.Qe2 Nc6 8.O-O 
Bd6 9.Bb3 Nge7 10.Rd1 O-O 11.Be3 Ng6 12.g3 b5 13.Rac1 Qb8 14.Nd2 Bb7 15.f4
Na5 16.Bc2 Bc6 17.Qh5 Re8 18.a3 Be7 19.b4 Nb7 20.Bd4 d6 21.Bb3 Nd8 22.Re1 
Qb7 23.Nf3 a5 24.Ng5 Bxg5 25.Qxg5 axb4 26.axb4 e5 27.Bf2 Ne6 28.Bxe6 fxe6 
29.Rcd1 Rad8 30.Bc5 Qc7 31.Bf2 exf4 32.gxf4 e5 33.f5 Nf4 34.Qg4 Qf7 35.Re3
d5 36.exd5 Nxd5 37.Nxd5 Rxd5 38.Rc1 Rd4 39.Qg5 Qd5 40.Rxc6 Qxc6 41.Re1 
Rxb4 0-1

[Event "49th RUS-ch (w)"]
[Site "Moscow RUS"]
[Date "1999.05.17"]
[Round "3"]
[White "Kosteniuk, Alexandra"]
[Black "Ovod, Evgenia"]
[Result "1/2-1/2"]
[WhiteElo "2329"]
[BlackElo "2290"]
[EventDate "1999.05.15"]
[PlyCount "64"]

1.e4 e5 2.Bc4 Nf6 3.d3 Nc6 4.Nc3 Na5 5.Nge2 Be7 6.O-O O-O 7.a3 Nxc4 8.dxc4
d6 9.f3 Be6 10.b3 c6 11.Bg5 h6 12.Bh4 Nd7 13.Bf2 f5 14.exf5 Bxf5 15.Ng3 
Bg6 16.Qe2 Qc7 17.Rfd1 Rae8 18.Rd2 Bg5 19.Be3 Bxe3+ 20.Qxe3 Nb6 21.Rad1 
Nc8 22.Nge4 Re6 23.Rf2 a6 24.a4 Ne7 25.Ng3 Nf5 26.Nxf5 Rxf5 27.Rfd2 Rf4 
28.Ne2 Rff6 29.Nc3 Rf4 30.Re1 Qf7 31.Qb6 Kh7 32.Qe3 Kg8 1/2-1/2

[Event "49th RUS-ch (w)"]
[Site "Moscow RUS"]
[Date "1999.05.17"]
[Round "3"]
[White "Kovalevskaya, Ekaterina"]
[Black "Mashinskaya, Yulia"]
[Result "1-0"]
[WhiteElo "2494"]
[BlackElo "2354"]
[EventDate "1999.05.15"]
[PlyCount "143"]

1.e4 c5 2.Nf3 Nc6 3.Bb5 g6 4.c3 Bg7 5.d4 cxd4 6.cxd4 Nf6 7.Nc3 a6 8.Bxc6 
dxc6 9.h3 O-O 10.O-O Qc7 11.Qc2 Rd8 12.Bg5 Be6 13.Rfd1 h6 14.Be3 Qa5 15.
Ne2 g5 16.Ne5 Nd7 17.Nc4 Bxc4 18.Qxc4 e6 19.Qc2 Qb4 20.Rd3 Qe7 21.Rb3 Nf6 
22.Ng3 Rd7 23.Rd1 Rad8 24.Rbd3 Ne8 25.b3 Nf6 26.Qe2 Nh7 27.Qf3 Qf6 28.Qe2 
Qe7 29.R3d2 Nf6 30.Qf3 Nh7 31.Nh5 Bh8 32.h4 f6 33.Qh3 Nf8 34.Ng3 Ng6 35.h5
Nf8 36.Qg4 Bg7 37.Qe2 Qf7 38.Qf3 Qe7 39.Rc1 Qf7 40.Rdc2 Nh7 41.a3 Nf8 42.
b4 Nh7 43.a4 Rf8 44.Rc5 Rfd8 45.b5 cxb5 46.axb5 Bf8 47.Rc8 axb5 48.R1c7 
Qe8 49.Rxd7 Qxd7 50.Rxd8 Qxd8 51.d5 Bd6 52.Ne2 Be5 53.Bd4 Qd6 54.Qb3 Nf8 
55.Qxb5 exd5 56.exd5 Bxd4 57.Nxd4 Qe5 58.Nc2 Qc3 59.Ne3 Qa1+ 60.Nf1 Qa6 
61.Qb3 Qe2 62.Ng3 Qe1+ 63.Kh2 Qe7 64.Qd3 Qd6 65.Kg1 Qb4 66.d6 Qe1+ 67.Kh2 
Qe8 68.Nf5 Qxh5+ 69.Kg1 Qe8 70.Ne7+ Kg7 71.Qd5 Qf7 72.Qxb7 1-0

[Event "49th RUS-ch (w)"]
[Site "Moscow RUS"]
[Date "1999.05.17"]
[Round "3"]
[White "Lundina, Aelita"]
[Black "Chasovnikova, Evgenia"]
[Result "0-1"]
[WhiteElo "2220"]
[BlackElo "2247"]
[EventDate "1999.05.15"]
[PlyCount "108"]

1.c4 e6 2.Nf3 Nf6 3.g3 a6 4.Bg2 b5 5.b3 Bb7 6.O-O c5 7.Bb2 Be7 8.a3 O-O 9.
d3 Qb6 10.Qc2 Nc6 11.e4 d5 12.Nc3 dxc4 13.dxc4 Nd4 14.Nxd4 cxd4 15.e5 Bxg2
16.Kxg2 Nd7 17.Ne2 Qb7+ 18.f3 bxc4 19.Qxc4 Rac8 20.Qd3 Nc5 21.Qd1 d3 22.
Nd4 Na4 23.Bc1 Nc3 24.Qxd3 Rfd8 25.Be3 Bc5 26.Qxc3 Bxd4 27.Qxd4 Rxd4 28.
Bxd4 Qxb3 29.Rac1 Rxc1 30.Rxc1 h5 31.f4 Qxa3 32.Rc8+ Kh7 33.Bc5 Qc1 34.Rc7
a5 35.Bd6 Qd2+ 36.Kh3 Kg6 37.Ra7 Qa2 38.Bc5 a4 39.Bd6 Qc4 40.Ra5 Qf1+ 41.
Kh4 Qg2 42.h3 Qc6 43.Ra7 Qe8 44.Re7 Qa8 45.Ba3 Qa5 46.Rb7 Qd5 47.Ra7 Qd4 
48.Rb7 Qe3 49.Bd6 a3 50.Bxa3 Qxa3 51.g4 hxg4 52.Kxg4 Qe3 53.Rb4 f5+ 54.
exf6 gxf6 0-1

[Event "49th RUS-ch (w)"]
[Site "Moscow RUS"]
[Date "1999.05.17"]
[Round "3"]
[White "Poliakova, Natalia"]
[Black "Kulish, Irina"]
[Result "0-1"]
[WhiteElo "2218"]
[BlackElo "2280"]
[EventDate "1999.05.15"]
[PlyCount "78"]

1.d4 e6 2.g3 Nf6 3.Bg2 d5 4.Nf3 b6 5.O-O Bb7 6.b3 Be7 7.Bb2 O-O 8.Nbd2 c5 
9.Re1 Nbd7 10.Rc1 b5 11.c4 bxc4 12.bxc4 Rc8 13.Qa4 cxd4 14.Bxd4 Nc5 15.Qb4
Ba8 16.Qb2 Qa5 17.Rb1 Rfd8 18.Red1 Na4 19.Qb3 Ne4 20.Nxe4 dxe4 21.Ne1 Qa6 
22.e3 Nc5 23.Qb2 f6 24.Bf1 Qc6 25.Qb5 Qc7 26.Bxc5 Bxc5 27.Rxd8+ Rxd8 28.
Qb2 Bb6 29.Qc2 Qd6 30.Qb3 Bc6 31.Nc2 Kf7 32.Nb4 Ba8 33.Rc1 Qc5 34.Na6 Qc8 
35.c5 Ba5 36.Nb4 Bxb4 37.Qxb4 Bd5 38.Bc4 Qc6 39.Bxd5 exd5 0-1

[Event "49th RUS-ch (w)"]
[Site "Moscow RUS"]
[Date "1999.05.17"]
[Round "3"]
[White "Shadrina, Tatiana"]
[Black "Mirzoeva, Elmira"]
[Result "1-0"]
[WhiteElo "2325"]
[BlackElo "2161"]
[EventDate "1999.05.15"]
[PlyCount "81"]

1.e4 d5 2.exd5 Nf6 3.d4 Nxd5 4.Nf3 g6 5.Bb5+ c6 6.Be2 Bg7 7.O-O O-O 8.c4 
Nb6 9.h3 Be6 10.Na3 h6 11.Be3 N8d7 12.Qd2 Kh7 13.Rfd1 Nf6 14.Bd3 Qc8 15.
Rac1 Bf5 16.Nb1 Bxd3 17.Qxd3 Qf5 18.Qa3 Rfe8 19.Nbd2 Kg8 20.Re1 g5 21.Nf1 
Nh5 22.Bd2 Qd7 23.b3 Nc8 24.Rcd1 Nf4 25.Ng3 Nd6 26.Ne5 Qc8 27.Bb4 Nf5 28.
Nxf5 Qxf5 29.Bxe7 h5 30.Re3 Qc2 31.Rde1 f6 32.Nd7 Qf5 33.Qd6 Kf7 34.Nc5 b6
35.Ne6 Nd3 36.Rxd3 Qxd3 37.Nxg7 Kxg7 38.Qxf6+ Kg8 39.Re5 Qb1+ 40.Kh2 Kh7 
41.Qf7+ 1-0

[Event "49th RUS-ch (w)"]
[Site "Moscow RUS"]
[Date "1999.05.17"]
[Round "3"]
[White "Shumiakina, Tatiana"]
[Black "Kosintseva, Nadezhda"]
[Result "1-0"]
[WhiteElo "2407"]
[BlackElo "2209"]
[EventDate "1999.05.15"]
[PlyCount "77"]

1.d4 f5 2.c4 Nf6 3.Nc3 g6 4.g3 Bg7 5.Bg2 O-O 6.Nh3 Nc6 7.Rb1 d6 8.d5 Ne5 
9.b3 a6 10.Qc2 c5 11.a4 Ne8 12.Bd2 b6 13.O-O Nc7 14.f4 Ng4 15.Nf2 Nxf2 16.
Rxf2 Rb8 17.Kh1 b5 18.Re1 Bd7 19.e4 bxc4 20.bxc4 Rb4 21.Qd3 Na8 22.Nd1 
Rxa4 23.Ne3 Bd4 24.exf5 gxf5 25.g4 fxg4 26.Be4 Rf7 27.Rg2 Rg7 28.Nf5 Bxf5 
29.Bxf5 Nc7 30.Bxg4 Ra1 31.Rxa1 Bxa1 32.Qb1 h5 33.Bxh5 Rxg2 34.Kxg2 Bg7 
35.Ba5 Qc8 36.Qg6 Qb8 37.Qf7+ Kh8 38.Qxe7 Na8 39.Qe8+ 1-0

[Event "49th RUS-ch (w)"]
[Site "Moscow RUS"]
[Date "1999.05.17"]
[Round "3"]
[White "Stiazhkina, Olga"]
[Black "Zayats, Elena"]
[Result "1/2-1/2"]
[WhiteElo "2340"]
[BlackElo "2293"]
[EventDate "1999.05.15"]
[PlyCount "47"]

1.e4 e5 2.f4 exf4 3.Nf3 h6 4.b3 Ne7 5.Nc3 Ng6 6.Bb2 d6 7.Qe2 Nc6 8.O-O-O 
Bg4 9.Qf2 a6 10.Nd5 Qd7 11.Be2 O-O-O 12.Nd4 Nxd4 13.Bxd4 Bxe2 14.Qxe2 Ne5 
15.Bb6 Qg4 16.Qxg4+ Nxg4 17.Bxc7 Re8 18.Rde1 Nf6 19.Nxf6 gxf6 20.Bb6 Rg8 
21.Rhg1 Kd7 22.Kd1 Rg5 23.d3 f5 24.exf5 1/2-1/2

[Event "49th RUS-ch (w)"]
[Site "Moscow RUS"]
[Date "1999.05.17"]
[Round "3"]
[White "Strutinskaya, Galina"]
[Black "Polovnikova, Ekaterina"]
[Result "1-0"]
[WhiteElo "2295"]
[BlackElo "2336"]
[EventDate "1999.05.15"]
[PlyCount "77"]

1.d4 Nf6 2.c4 c5 3.d5 b5 4.cxb5 a6 5.bxa6 g6 6.g3 d6 7.b3 Bg7 8.Bb2 O-O 9.
Bg2 Nxa6 10.Nc3 Nc7 11.Qd2 Bb7 12.e4 Nd7 13.Nge2 Ra7 14.O-O Qa8 15.Nf4 Ba6
16.Rfd1 Ne5 17.Qc2 Rb8 18.Rab1 c4 19.Nce2 cxb3 20.axb3 Nb5 21.Ra1 Bc8 22.
Ra4 Bg4 23.Rda1 Rxa4 24.bxa4 Na7 25.Ra2 Qb7 26.h3 Nf3+ 27.Bxf3 Bxf3 28.
Bxg7 Qb1+ 29.Nc1 Qxc2 30.Rxc2 Kxg7 31.Rc3 Rb1 32.Rxf3 Rxc1+ 33.Kg2 Rc4 34.
Rb3 Rxe4 35.Rb7 Rxa4 36.Rxe7 Nb5 37.Rb7 Nc3 38.Ne6+ Kg8 39.Rb8# 1-0

[Event "49th RUS-ch (w)"]
[Site "Moscow RUS"]
[Date "1999.05.17"]
[Round "3"]
[White "Slavina, Irina"]
[Black "Matveeva, Svetlana"]
[Result "0-1"]
[WhiteElo "2265"]
[BlackElo "2405"]
[EventDate "1999.05.15"]
[PlyCount "66"]

1.Nf3 d5 2.d4 Nf6 3.c4 e6 4.Nc3 Bb4 5.cxd5 exd5 6.Bg5 h6 7.Bxf6 Qxf6 8.
Qa4+ Nc6 9.Rc1 O-O 10.e3 a6 11.Bd3 Be6 12.O-O Bd6 13.a3 Ne7 14.b4 c6 15.
Qb3 Bg4 16.Be2 Rfe8 17.a4 Nf5 18.b5 axb5 19.axb5 Bxf3 20.Bxf3 Nxd4 21.exd4
Qf4 22.g3 Qxf3 23.Qc2 Rac8 24.b6 h5 25.Rfd1 h4 26.Rd3 Qf5 27.Rcd1 Ra8 28.
Na4 Rxa4 29.Qxa4 Re2 30.Qa8+ Kh7 31.Rf1 Qxd3 32.Qxb7 Qf5 33.Qxc6 h3 0-1

[Event "49th RUS-ch (w)"]
[Site "Moscow RUS"]
[Date "1999.05.17"]
[Round "3"]
[White "Verevochkina, Elena"]
[Black "Ovchinnikova, Yulia"]
[Result "1/2-1/2"]
[WhiteElo "2150"]
[BlackElo "2205"]
[EventDate "1999.05.15"]
[PlyCount "20"]

1.d4 d5 2.e3 c5 3.c3 e6 4.Bd3 Nc6 5.f4 f5 6.Nf3 Nf6 7.Ne5 Be7 8.b3 Qc7 9.
Bb2 Bd7 10.Nd2 Nxe5 1/2-1/2

[Event "49th RUS-ch (w)"]
[Site "Moscow RUS"]
[Date "1999.05.17"]
[Round "3"]
[White "Zaitseva, Ludmila"]
[Black "Zakurdyaeva, Irina"]
[Result "1/2-1/2"]
[WhiteElo "2334"]
[BlackElo "2143"]
[EventDate "1999.05.15"]
[PlyCount "143"]

1.d4 d5 2.Bf4 c5 3.e3 Nc6 4.c3 Nf6 5.Bd3 Qb6 6.Qb3 c4 7.Qxb6 axb6 8.Bc2 b5
9.Na3 b4 10.Nb5 Ra5 11.a4 bxa3 12.Nxa3 b5 13.Nf3 Bg4 14.O-O Bxf3 15.gxf3 
Kd7 16.b4 cxb3 17.Bxb3 e6 18.Nc2 Be7 19.Rab1 Rc8 20.Rfc1 g5 21.Bg3 h5 22.
h3 g4 23.hxg4 hxg4 24.fxg4 Ne4 25.Kg2 Nxc3 26.Ra1 Ne2 27.Rcb1 Nc3 28.Rh1 
Ne4 29.Rab1 Raa8 30.Ne1 Na5 31.Bc2 Nc3 32.Ra1 b4 33.Nf3 b3 34.Ne5+ Ke8 35.
Rh8+ Bf8 36.Bxb3 Nxb3 37.Rxa8 Rxa8 38.Bf4 Na5 39.Bh6 Ke7 40.Bg5+ Kd6 41.
Nxf7+ Kd7 42.Ne5+ Kc7 43.Ng6 Nc4 44.Rxf8 Ra2 45.Rf7+ Kb6 46.Ne5 Nd1 47.Nd3
Ndxe3+ 48.Kf3 Nc2 49.Bf6 Ra3 50.Ke2 Ra2 51.Kf1 Nd2+ 52.Kg2 Ne4 53.Bd8+ Kb5
54.g5 Ne3+ 55.Kf3 Nf5 56.g6 Kc4 57.Ne5+ Kxd4 58.Ng4 Ra3+ 59.Kg2 Ra8 60.Rf8
Kd3 61.Ne5+ Ke2 62.Nc6 Nh4+ 63.Bxh4 Rxf8 64.Nd4+ Kd3 65.Nxe6 Rg8 66.g7 Nd6
67.Bf6 Ke4 68.Bb2 Nf5 69.Nc5+ Kf4 70.Ne6+ Ke4 71.Nc5+ Kf4 72.Ne6+ 1/2-1/2

[Event "49th RUS-ch (w)"]
[Site "Moscow RUS"]
[Date "1999.05.18"]
[Round "4"]
[White "Polovnikova, Ekaterina"]
[Black "Ershova, Svetlana"]
[Result "1/2-1/2"]
[WhiteElo "2336"]
[BlackElo "2263"]
[EventDate "1999.05.15"]
[PlyCount "85"]

1.e4 c6 2.d4 d5 3.Nc3 dxe4 4.Nxe4 Nf6 5.Nxf6+ gxf6 6.c3 Bf5 7.Nf3 e6 8.g3 
Qd5 9.Bg2 Qe4+ 10.Be3 Qc2 11.Nh4 Qxd1+ 12.Rxd1 Bg6 13.Nxg6 hxg6 14.Ke2 Bd6
15.c4 Na6 16.Rb1 Nc7 17.b4 a6 18.h3 Kd7 19.Rhc1 Rh5 20.a4 Be7 21.Rc2 Bd6 
22.h4 Rhh8 23.c5 Be7 24.Bf4 Nd5 25.Bxd5 exd5 26.b5 axb5 27.axb5 g5 28.
bxc6+ bxc6 29.Rb7+ Ke6 30.hxg5 fxg5 31.Be5 Bf6 32.Bxf6 Kxf6 33.Rc7 Rhe8+ 
34.Kf3 Ra3+ 35.Kg2 Re6 36.Rb2 Rd3 37.Rbb7 Rxd4 38.Rxf7+ Ke5 39.Rg7 Rd2 40.
Rxg5+ Kd4 41.Rf5 Rg6 42.Kh3 Kxc5 43.g4 1/2-1/2

[Event "49th RUS-ch (w)"]
[Site "Moscow RUS"]
[Date "1999.05.18"]
[Round "4"]
[White "Chasovnikova, Evgenia"]
[Black "Kosteniuk, Alexandra"]
[Result "0-1"]
[WhiteElo "2247"]
[BlackElo "2329"]
[EventDate "1999.05.15"]
[PlyCount "130"]

1.d4 f5 2.Nc3 d5 3.Bg5 c6 4.e3 g6 5.Bd3 Be6 6.h4 Bg7 7.Nge2 h6 8.Bf4 Nf6 
9.Be5 Nbd7 10.Nf4 Bf7 11.Qf3 e6 12.Bd6 Nb6 13.Be5 Bf8 14.g4 Nbd7 15.Qg3 
Nxe5 16.dxe5 Nxg4 17.Be2 h5 18.O-O-O Qc7 19.Nd3 Bg7 20.Bxg4 hxg4 21.f3 
gxf3 22.h5 g5 23.Qxg5 Bh6 24.Qg3 Bxe3+ 25.Kb1 O-O-O 26.Qxf3 Bd4 27.Rde1 
Bxc3 28.bxc3 Rh6 29.Ka1 Qa5 30.Nf4 d4 31.c4 Rg8 32.Qe2 Rg3 33.Rb1 Qc3+ 34.
Rb2 Qf3 35.Qxf3 Rxf3 36.Nd3 Rxh5 37.Rg1 Rh7 38.c5 Rfh3 39.Rb4 Rh1 40.Rxh1 
Rxh1+ 41.Kb2 Rh4 42.Kb3 Re4 43.c3 dxc3 44.Rxe4 fxe4 45.Nf4 b6 46.Kxc3 bxc5
47.Kc4 Kc7 48.Kxc5 e3 49.Kd4 Kb6 50.Kxe3 Kc5 51.Kd3 Kb4 52.a3+ Kxa3 53.Kc3
a5 54.Ne2 Ka4 55.Kc4 Bg6 56.Nd4 Be4 57.Kc5 Bd5 58.Kd6 Kb4 59.Nxe6 a4 60.
Nd4 Kc3 61.Nb5+ Kc4 62.Na3+ Kb3 63.Nb5 Bc4 64.Nd4+ Kc3 65.Nxc6 a3 0-1

[Event "49th RUS-ch (w)"]
[Site "Moscow RUS"]
[Date "1999.05.18"]
[Round "4"]
[White "Galianina, Yulia"]
[Black "Strutinskaya, Galina"]
[Result "1-0"]
[WhiteElo "2300"]
[BlackElo "2295"]
[EventDate "1999.05.15"]
[PlyCount "87"]

1.d4 e6 2.c4 d5 3.Nc3 c6 4.e3 Bd6 5.Nf3 f5 6.Ne5 Nf6 7.f4 Qe7 8.Bd3 Ne4 9.
Qh5+ g6 10.Qh6 Nd7 11.g4 Nxe5 12.fxe5 Bb4 13.Bxe4 fxe4 14.O-O b6 15.Rf6 
Bd7 16.Ne2 dxc4 17.a3 Be1 18.Kf1 Ba5 19.Ng3 O-O-O 20.Nxe4 Kb8 21.Nd6 Rdf8 
22.g5 b5 23.Ke2 Bc7 24.Ne4 Rxf6 25.gxf6 Qf8 26.Qxf8+ Rxf8 27.Bd2 a5 28.Rf1
Kc8 29.Rf3 Kd8 30.Rh3 h5 31.Rg3 Be8 32.h4 Bf7 33.Rg1 Kd7 34.Nc5+ Kc8 35.a4
Rg8 36.Ne4 Kd7 37.Ra1 Ra8 38.Nc5+ Ke8 39.Kf3 Ra7 40.Kf4 Kf8 41.Ne4 Rb7 42.
axb5 Rxb5 43.Bc3 Kg8 44.Ra4 1-0

[Event "49th RUS-ch (w)"]
[Site "Moscow RUS"]
[Date "1999.05.18"]
[Round "4"]
[White "Grabuzova, Tatiana"]
[Black "Ovod, Evgenia"]
[Result "1-0"]
[WhiteElo "2281"]
[BlackElo "2290"]
[EventDate "1999.05.15"]
[PlyCount "175"]

1.b3 e5 2.Bb2 Nc6 3.c4 Nf6 4.e3 Be7 5.a3 d5 6.cxd5 Nxd5 7.Qc2 O-O 8.Nf3 
Bf6 9.d3 Nb6 10.Nbd2 Bf5 11.Be2 Qd7 12.O-O Rad8 13.Ne4 Bxe4 14.dxe4 Qe6 
15.b4 a6 16.Rfc1 Rd6 17.Ne1 Bd8 18.Nd3 Re8 19.Nc5 Qc8 20.h3 Qa8 21.Rd1 Be7
22.Rac1 Rxd1+ 23.Rxd1 Bd6 24.Rc1 Nd8 25.Bg4 g6 26.Nd3 h5 27.Be2 Nd7 28.Qc3
b6 29.f3 f6 30.Bd1 Kg7 31.Bb3 Qa7 32.Kf2 h4 33.Ba4 b5 34.Bb3 g5 35.Bd5 Kg6
36.Bc6 Nxc6 37.Qxc6 Re7 38.Nc5 Bxc5 39.bxc5 Nb8 40.Qd5 c6 41.Qg8+ Rg7 42.
Qe8+ Rf7 43.Rd1 Qxc5 44.Qxb8 Qc2+ 45.Ke1 Qxb2 46.Qg8+ Rg7 47.Kf1 Kh6 48.
Qh8+ Kg6 49.Qe8+ Kh6 50.Rd6 Qa1+ 51.Kf2 Qa2+ 52.Kg1 Qf7 53.Qxc6 Rg6 54.
Qxa6 Kh5 55.Qxb5 Qa2 56.Rd8 Rg8 57.Qd7 Kh6 58.Qe7 Rxd8 59.Qxf6+ Kh5 60.
Qxd8 Qxa3 61.Qh8+ Kg6 62.Qxe5 Qxe3+ 63.Kh2 Qe1 64.Qf5+ Kh6 65.Qe6+ Kg7 66.
Qg4 Kh6 67.f4 gxf4 68.Qxf4+ Kg6 69.Qf5+ Kg7 70.Qf3 Kh7 71.Qf5+ Kg7 72.Qg5+
Kf8 73.e5 Kf7 74.Qf5+ Ke8 75.Qg5 Kf7 76.Qf6+ Ke8 77.Qh8+ Ke7 78.Qg7+ Ke8 
79.e6 Qxe6 80.Qh8+ Kd7 81.Qxh4 Kc7 82.Qf4+ Kb7 83.h4 Qg6 84.g4 Qc2+ 85.Kg3
Ka6 86.Qf1+ Ka5 87.Qf5+ Qxf5 88.gxf5 1-0

[Event "49th RUS-ch (w)"]
[Site "Moscow RUS"]
[Date "1999.05.18"]
[Round "4"]
[White "Kosintseva, Nadezhda"]
[Black "Kovalevskaya, Ekaterina"]
[Result "0-1"]
[WhiteElo "2209"]
[BlackElo "2494"]
[EventDate "1999.05.15"]
[PlyCount "144"]

1.e4 c5 2.Nf3 d6 3.d4 cxd4 4.Qxd4 a6 5.c4 Nc6 6.Qd1 Nf6 7.Nc3 g6 8.h3 Bg7 
9.Be2 O-O 10.O-O h6 11.Be3 Be6 12.Nd4 Bd7 13.Nc2 Rc8 14.Qd2 Kh7 15.Rac1 
Ne5 16.b3 Bc6 17.f3 Ned7 18.Rfd1 Nh5 19.Nd4 Ng3 20.Bf2 Nxe2+ 21.Qxe2 Qa5 
22.Nd5 Bxd5 23.exd5 Rce8 24.Qd2 Qxd2 25.Rxd2 Bf6 26.Re1 Rc8 27.Kf1 Rfe8 
28.Rdd1 Kg8 29.Re2 Rc7 30.Be1 Kf8 31.Ba5 Rcc8 32.Be1 Nc5 33.Bf2 Rc7 34.Be1
Rcc8 35.Bf2 Nd7 36.Be1 Bxd4 37.Rxd4 b5 38.cxb5 axb5 39.Bd2 g5 40.h4 f6 41.
hxg5 hxg5 42.f4 gxf4 43.Bxf4 Kf7 44.Ke1 Rc5 45.Rd3 Rh8 46.Rde3 Ne5 47.Bxe5
dxe5 48.Rd3 Rd8 49.Red2 b4 50.Kd1 Rd6 51.Ke2 Ra5 52.Ke3 Rda6 53.d6 exd6 
54.Rxd6 Rxd6 55.Rxd6 Rxa2 56.Rb6 Rxg2 57.Rxb4 Ke6 58.Rb6+ Kf5 59.b4 Rg3+ 
60.Ke2 e4 61.b5 Ke5 62.Rb8 f5 63.b6 Rg2+ 64.Kd1 Kf4 65.b7 Rb2 66.Kc1 Rb6 
67.Kd2 e3+ 68.Kd3 Rd6+ 69.Ke2 Rd2+ 70.Ke1 Rb2 71.Kd1 Kf3 72.Kc1 e2 0-1

[Event "49th RUS-ch (w)"]
[Site "Moscow RUS"]
[Date "1999.05.18"]
[Round "4"]
[White "Kosintseva, Tatiana"]
[Black "Slavina, Irina"]
[Result "0-1"]
[WhiteElo "2177"]
[BlackElo "2265"]
[EventDate "1999.05.15"]
[PlyCount "72"]

1.e4 d6 2.d4 g6 3.Nc3 Bg7 4.f4 Nf6 5.Nf3 O-O 6.Bd3 Na6 7.O-O c5 8.Kh1 cxd4
9.Nxd4 Nc5 10.Nb3 Nxd3 11.cxd3 b6 12.Qe1 Ba6 13.Rf3 e6 14.Bd2 Rc8 15.Rd1 
Nd7 16.Be3 Re8 17.Bd4 Bf8 18.Qg3 Bb7 19.f5 exf5 20.Rxf5 f6 21.Nd2 Bg7 22.
Rf2 Ne5 23.Nf1 d5 24.Qh4 g5 25.Qh5 Nc6 26.Bxf6 Bxf6 27.Nxd5 Rf8 28.Nxf6+ 
Rxf6 29.Qxg5+ Rg6 30.Qf5 Qc7 31.d4 Rd8 32.d5 Bc8 33.Qf3 Bg4 34.Qc3 Bxd1 
35.dxc6 Bg4 36.Ne3 Be6 0-1

[Event "49th RUS-ch (w)"]
[Site "Moscow RUS"]
[Date "1999.05.18"]
[Round "4"]
[White "Kulish, Irina"]
[Black "Shumiakina, Tatiana"]
[Result "1/2-1/2"]
[WhiteElo "2280"]
[BlackElo "2407"]
[EventDate "1999.05.15"]
[PlyCount "37"]

1.e4 c5 2.Nf3 Nc6 3.Bb5 e6 4.O-O Nge7 5.Nc3 Ng6 6.d4 cxd4 7.Nxd4 Qc7 8.Be3
Be7 9.f4 O-O 10.Be2 a6 11.Nxc6 bxc6 12.e5 d6 13.exd6 Bxd6 14.Qd2 Rd8 15.
Bd3 Rb8 16.b3 Qa5 17.Ne4 Qxd2 18.Bxd2 Bc7 19.Be3 1/2-1/2